| 000 | 00451nam a2200181 a 4500 | ||
|---|---|---|---|
| 001 | 30401 | ||
| 005 | 20180713233614.0 | ||
| 008 | 140415s2006 000 0 spa d | ||
| 020 | _a9688530972 | ||
| 041 | _aspa | ||
| 082 |
_a150 _bROG |
||
| 100 | 1 | _aR. ROGERS, CARL | |
| 245 | 1 | 0 | _aPROCESO DE CONVERTIRSE EN PERSONA |
| 250 | _a1ª EDICIÓN | ||
| 260 |
_a[s.l.] : _bPAIDOS, _c2006 |
||
| 300 |
_a356 _c16 x 4 x 23 |
||
| 520 | _aRP | ||
| 999 |
_c30401 _d30401 |
||